00738nam a2200193Ia 4500001001000000003000500010008004100015010001100056040000900067100003000076245018700106260003500293300001000328502008700338650002000425650002600445650002000471710005300491Para_1461CHAP220125s2000 xx 000 0 und d a200208 cCHAP aMarín Benitez, H. Homar aEvaluación de tres líneas y una variedad de haba (Vicia faba L.), a la pudrición del cuello (Rhizoctonia solani Kühn), en Chapingo, México /c por H. Homar Marín Benitez aChapingo, Méx. :b El autor a42 h. aTesis (Ing. Agr. Esp. en Parasitología Agrícola), UACh. Depto. Parasitología aFitopatología aHaba x enfermedades  aHaba x plagas  aUACh. Departamento de Parasitología Agrícola